[Event "First Saturday 2008 szeptember GM"]
[Site "Budapest"]
[Date "2008.09.14"]
[Round "9"]
[White "Ilincic, Zlatko"]
[Black "Paschall, William M"]
[Result "1/2-1/2"]
[WhiteElo "2519"]
[BlackElo "2330"]
[PlyCount "80"]
[EventDate "2008.09.06"]

1. d4 Nf6 2. c4 e6 3. Nf3 b6 4. g3 Bb7 5. Bg2 Be7 6. O-O O-O 7. Nc3 Ne4 8. Qc2
Nxc3 9. Qxc3 c5 10. Rd1 d6 11. Bf4 Nc6 12. d5 Nd4 13. Nxd4 cxd4 14. Qb3 e5 15.
Bd2 Bc8 16. a4 Bg4 17. f3 Bd7 18. a5 Qc7 19. axb6 axb6 20. e3 Rfb8 21. exd4
exd4 22. Bf1 Qc8 23. Be1 Rxa1 24. Rxa1 Bh3 25. Bxh3 Qxh3 26. Bf2 h5 27. Bxd4 h4
28. Bf2 hxg3 29. hxg3 Bf6 30. f4 g6 31. Qd3 Kg7 32. Bd4 Rh8 33. Bxf6+ Kxf6 34.
Qc3+ Kf5 35. Qc2+ Kf6 36. Qg2 Qg4 37. Re1 Rh3 38. Kf2 Qh5 39. Kg1 Qg4 40. Kf2
Qh5 1/2-1/2

[Event "First Saturday 2008 szeptember GM"]
[Site "Budapest"]
[Date "2008.09.14"]
[Round "9"]
[White "Kislik, Erik Andrew"]
[Black "Szalanczy, Emil"]
[Result "0-1"]
[WhiteElo "2302"]
[BlackElo "2388"]
[PlyCount "110"]
[EventDate "2008.09.06"]

1. e4 c5 2. Nf3 d6 3. d4 cxd4 4. Nxd4 Nf6 5. Nc3 g6 6. Be3 Bg7 7. f3 Nc6 8. Qd2
Qa5 9. O-O-O h5 10. h3 Bd7 11. Nb3 Qc7 12. Kb1 Rc8 13. Be2 h4 14. Bg5 Be6 15.
Qe1 Nb4 16. Nd4 Qa5 17. Bb5+ Kf8 18. a3 Nc6 19. Nxe6+ fxe6 20. e5 Nxe5 21. Bd2
Rxc3 22. a4 Nd5 23. Bxc3 Nxc3+ 24. Qxc3 Qxc3 25. bxc3 a6 26. Bd3 Kf7 27. Ka2
Nd7 28. c4 Rh5 29. Kb3 Ra5 30. Kb4 b6 31. Be4 Rg5 32. Rd2 a5+ 33. Ka3 Bc3 34.
Re2 Bb4+ 35. Ka2 Rc5 36. Bd3 Kf6 37. Re4 Rg5 38. Rf4+ Kg7 39. Rg4 Rxg4 40. hxg4
g5 41. Be4 Kf6 42. g3 hxg3 43. Rg1 d5 44. cxd5 exd5 45. Bxd5 Bd6 46. Bc6 Ne5
47. Bd5 Ng6 48. Bc4 Nh4 49. Be2 g2 50. Bf1 gxf1=Q 51. Rxf1 Ke5 52. Kb3 Kf4 53.
Kc4 Nxf3 54. Kb5 Bc5 55. Rd1 e5 0-1